000 00569nam a22001697a 4500
003 NUST
038 _aNusrat Nadeem
082 _a200
100 _aKhan, Sahar
_9120220
245 _aCOMPARATIVE ANALYSIS OF MATERNAL MORTALITY RATIO (MMR). A CASE STUDY OF PESHAWAR AND RAWALPINDI/
_cSahar Khan,
264 _aIslamabad,
_bS3H NUST,
_c2023.
300 _aill:
_b55,p:
_c30,cm.
650 _aMS-Government and Public Policy
_9125323
700 _aSuperviser: Dr. Farah Naaz
_9120221
856 _uhttp://10.250.8.41:8080/xmlui/handle/123456789/39121
942 _2ddc
_cSC
999 _c607620
_d607620